000 00792nam a2200205 a 4500
008 120416s2004 ||||||||||||||||| || u
020 _a9839054376
050 _aHM 567 INT
100 _aCliché, Gilles
245 1 0 _aInternet and society in Latin America and the Caribbean
_cedited by Marcelo Bonilla and Gilles Cliché
260 _aOttawa:
_bIDRC
_c2004
300 _a435p. : ill.
350 _a0.00
650 _aINTERNET--SOCIAL ASPECTS--LATIN AMERICA
650 _aINTERNET--SOCIAL ASPECTS--CARIBBEAN
650 _aINTERNET
700 _aBonilla, Marcelo
710 _aInternational Development Research Centre (Canada)
995 _D0.00
_FCBU-MAIN LIBRARY (Kitwe)
_H1
_I0.00
_M1
_UAVAILABLE
_ZMain Library Open Access Collection
999 _c47517
_d47517